000 01088nam a2200265Ia 4500
003 OSt
005 20221005104748.0
006 a|||||r|||| 00| 0
007 ta
008 221004b |||||||| |||| 00| 0 hin d
020 _a9789380172361 (hbk)
_c400
024 _a8817
037 _b20480, 08/01/2014, Hindi Madhyam Karyanvyan Nideshalye
_cTextual
040 _aCRL
_cCRL
_bhin
041 _2hin
_ahin
082 _aNR44,2, 152Q0.1
100 _aत्रिवेदी, रागिनी
245 0 _aराग विबोध
_b मिश्रबानी
246 _aRāg vibodha: mishrabānī
260 _aदिल्ली
_bविश्वविद्यालय हिन्दी माध्यम कार्यान्वय निदेशालय भारत
_c2010
300 _a481पृ0
_ccm.
650 _aल्थ्ल्त् क्ल्ज्ञ
942 _hNR44,2, 152Q0.1
_cTEXL
_2cc
999 _c1013699
_d1013699